=LDR 00000nam 2200000 4500 =001 INLIS000000000050986 =005 20200313035448 =035 ##$$a 0010-0817000169 =007 ta =008 200313################g##########0#ind## =020 ##$$a 978-602-7522-23-7 =082 ##$$a 297.632 =084 ##$$a 297.632 ARK p =100 #$$a Arkam Ridha =245 1#$$a Pintar mengelola keuangan keluarga sakinah : $b Mudah dan sesuai kaidah Islam /$c Dr. Arkam Ridha; Editor, Herbayu =260 ##$$a Solo :$b Tayiba Media,$c 2014 =300 ##$$a 168 hlm ; $c 21 x 14 cm. =650 #4$$a Islam dan Keuangan =700 #$$a Herbayu =990 ##$$a 31701601